The globalization of postsecondary education: The role of international students in the us higher education system (Record no. 517963)

000 -LEADER
fixed length control field 01480nam a22001577a 4500
008 - FIXED-LENGTH DATA ELEMENTS--GENERAL INFORMATION
fixed length control field 210806b ||||| |||| 00| 0 eng d
100 ## - MAIN ENTRY--PERSONAL NAME
Personal name Bound, John et al
245 ## - TITLE STATEMENT
Title The globalization of postsecondary education: The role of international students in the us higher education system
260 ## - PUBLICATION, DISTRIBUTION, ETC. (IMPRINT)
Place of publication, distribution, etc The Journal of Economic Perspectives
300 ## - PHYSICAL DESCRIPTION
Extent 35(1), Winter, 2021: p.163-184
520 ## - SUMMARY, ETC.
Summary, etc In the four decades since 1980, US colleges and universities have seen the number of students from abroad quadruple. This rise in enrollment and degree attainment affects the global supply of highly educated workers, the flow of talent to the US labor market, and the financing of US higher education. Yet, the impacts are far from uniform, with significant differences evident by level of study and type of institution. The determinants of foreign flows to US colleges and universities reflect both changes in student demand from abroad and the variation in market circumstances of colleges and universities, with visa policies serving a mediating role. The consequences of these market mechanisms impact global talent development, the resources of colleges and universities, and labor markets in the United States and countries sending students. – Reproduced
650 ## - SUBJECT ADDED ENTRY--TOPICAL TERM
Topical term or geographic name as entry element Students, Universities, Educated workers, Higher education, Colleges and universities
9 (RLIN) 28326
773 ## - HOST ITEM ENTRY
Main entry heading The Journal of Economic Perspectives
906 ## - LOCAL DATA ELEMENT F, LDF (RLIN)
Subject DIP HIGHER EDUCATION
942 ## - ADDED ENTRY ELEMENTS (KOHA)
Item type Articles
Holdings
Withdrawn status Lost status Source of classification or shelving scheme Damaged status Not for loan Permanent location Current location Date acquired Serial Enumeration / chronology Barcode Date last seen Koha item type
          Indian Institute of Public Administration Indian Institute of Public Administration 2021-08-06 35(1), Winter, 2021: p.163-184 AR125183 2021-08-06 Articles

Powered by Koha